Statystyki dla Zwycięscy Eurowizji.

Kliknij tutaj aby rozwiązać quiz!

Ogólne statystyki

  • Ten quiz został rozwiązany 1,796 razy
  • Średni wynik to 20 z 27

Statystyki odpowiedzi

Ilość zwycięstw Answer % poprawnych
6Szwecja
94%
2Niemcy
94%
5Francja
92%
2Hiszpania
92%
1Portugalia
91%
1Rosja
91%
2Ukraina
90%
3Norwegia
89%
2Włochy
88%
1Finlandia
86%
5Wielka Brytania
84%
4Holandia
83%
2Austria
83%
3Izrael
78%
7Irlandia
78%
1Grecja
77%
1Belgia
76%
3Dania
76%
2Szwajcaria
71%
1Łotwa
70%
1Serbia
69%
1Estonia
69%
1Turcja
60%
5Luksemburg
53%
1Azerbejdżan
43%
1Monako
33%
1Jugosławia
22%

Rozkład punktacji

Percentyl według liczby udzielonych odpowiedzi

Procent ludzi z każdym wynikiem

Twoja historia wyników

Nie rozwiązałeś tego quizu